|
|
|
|
| LEADER |
01381nam a22003137a 4500 |
| 001 |
18326 |
| 003 |
BD-DhAAL |
| 005 |
20250119110322.0 |
| 008 |
230613t1999 nyu||||| |||| 00| 0 eng d |
| 020 |
|
|
|a 1856496821 (pbk.)
|
| 020 |
|
|
|a 1856496813 (hbk.)
|
| 040 |
|
|
|a BD-DhAAL
|d BD-DhAAL
|
| 082 |
|
|
|a 305.420955
|2 21
|
| 100 |
|
|
|a Poya, Maryam,
|d 1944-
|9 54672
|
| 245 |
|
|
|a Women, work and Islamism :
|b ideology and resistance in Iran /
|c Maryam Poya.
|
| 246 |
|
|
|a Women, Work & Islamism.
|
| 260 |
|
|
|a London ;
|a New York :
|b ZED Books,
|c c1999.
|
| 300 |
|
|
|a xvii, 186 pages ;
|c 23 cm.
|
| 504 |
|
|
|a Includes bibliographical references (p. 170-179) and index.
|
| 526 |
|
|
|x Aanmona priyadarshini
Research assistant
Pathways of women empowerment
BDI
Course name and no. N/A
|
| 541 |
|
|
|a BDI
|e 18326
|
| 650 |
|
|
|a Islam and state
|z Iran.
|9 54673
|
| 650 |
|
|
|a Muslim women
|z Iran.
|9 54674
|
| 650 |
|
|
|a Sex role
|z Iran.
|9 54675
|
| 650 |
|
|
|a Women
|x Employment
|z Iran.
|9 54676
|
| 651 |
|
|
|a Iran
|x Economic conditions
|y 1979-1997.
|9 54677
|
| 942 |
|
|
|2 ddc
|c BK
|
| 999 |
|
|
|c 45877
|d 45877
|
| 952 |
|
|
|0 0
|1 0
|2 ddc
|4 0
|6 305_420955000000000_POY
|7 0
|9 73802
|a BIGD
|b BIGD
|c GEN
|d 2023-06-13
|e BDI
|g 590.00
|l 0
|o 305.420955 POY
|p 3050018326
|r 2023-06-13
|t 1
|w 2023-06-13
|y BK
|x Transferred from BDI to BIGD. Requisitioned by Aanmona priyadarshini Research assistant, Pathways of women empowerment BDI. Course name and no. N/A
|